000 00438 a2200157 4500
020 _a0830643869
082 _a005.4469
090 _c7022
_d7022
100 _aGookin, Dan
245 _aHard Disk Aerobics: Shaping up your PC
_cGookin, Dan
260 _aUSA
_cMcGraw-Hill
300 _axvi, 438 p.
_b;ill.
_c25 cm.
500 _aIncludes bibliograhical references and index
650 _a1. Hard disk management
942 _cBK
_k005.4469 GOO
999 _c10831
_d10831